An introduction to population geography
Αποθηκεύτηκε σε:
| Κύριος συγγραφέας: | |
|---|---|
| Άλλοι συγγραφείς: | |
| Μορφή: | Βιβλίο |
| Γλώσσα: | English |
| Δημοσίευση: |
Cambridge :
Cambridge University Press,
c1993
|
| Έκδοση: | 2nd ed. |
| Θέματα: | |
| Ετικέτες: |
Προσθήκη ετικέτας
Δεν υπάρχουν, Καταχωρήστε ετικέτα πρώτοι!
|
MARC
| LEADER | 00000nam a2200000 i 4500 | ||
|---|---|---|---|
| 001 | 1/81815 | ||
| 008 | 990519s1993 eng d | ||
| 020 | |a 0-521-42360-0 | ||
| 035 | |l 10050958 | ||
| 040 | |a GR-MY-UA |b gre |e aacr | ||
| 041 | 0 | |a eng | |
| 082 | 0 | |a 304.6 | |
| 100 | 1 | |a Hornby, Willam Frederic. | |
| 245 | 1 | 3 | |a An introduction to population geography / |c William F. Hornby and Melvyn Jones |
| 250 | |a 2nd ed. | ||
| 260 | |a Cambridge : |b Cambridge University Press, |c c1993 | ||
| 300 | |a 172 σ.; |b εικ.; |c 25 εκ. | ||
| 504 | |a Περιέχει βιβλιογραφικές παραπομπές (σ. [165]-169) και ευρετήριο | ||
| 650 | 0 | 0 | |a Population geography. |
| 650 | 0 | 0 | |a Population geography |x Case studies. |
| 700 | 1 | |a Jones, Melvyn. | |
| 852 | |a INST |b LESVOS |e 19990519 |h 304.6 HOR |p 005100016270 |q 005100016270 |t BK |y 0 | ||
| 901 | |a BIBL1-1999-2 | ||
| 909 | |a Λ |b 062111 | ||
| 922 | |a 1ΕΛΗ |b 199812 |c ΚΠΣ/ΤΓ |d LEADER | ||
| 950 | |a 118-1998-10-19 | ||